Где ты?: роман; пер. с фр.

Bibliografiske detaljer
Hovedforfatter: Леви М. Марк
Summary:Филип и Сьюзен привязались друг к другу с детства, казалось, у них впереди чудесная безоблачная жизнь. Однако гибель родителей заставляет юную Сьюзен по-новому взглянуть на окружающий мир: она понимает, что ей недостаточно простого семейного благополучия рядом с любимым человеком, ее цель — помогать тем, кто попал в беду. Бросив все, она уезжает из родной страны. И все же воспоминания детства постоянно преследуют Сьюзен. Именно они однажды заставляют ее круто изменить свою судьбу и судьбу дорогих ее сердцу людей. Вот только сделает ли это их счастливыми?
Sprog:russisk
Udgivet: Москва, Иностранка, 2010
Fag:
Format: MixedMaterials Bog
KOHA link:https://koha.lib.tpu.ru/cgi-bin/koha/opac-detail.pl?biblionumber=184206

MARC

LEADER 00000nam0a2200000 4500
001 184206
005 20231031172121.0
010 |a 9785389008021 
035 |a (RuTPU)RU\TPU\book\199694 
090 |a 184206 
100 |a 20100830d2010 m y0rusy50 ca 
101 1 |a rus  |c fre 
102 |a RU 
105 |a y z 000ay 
200 1 |a Где ты?  |e роман  |e пер. с фр.  |f М. Леви 
210 |a Москва  |c Иностранка  |d 2010 
215 |a 336 с. 
330 |a Филип и Сьюзен привязались друг к другу с детства, казалось, у них впереди чудесная безоблачная жизнь. Однако гибель родителей заставляет юную Сьюзен по-новому взглянуть на окружающий мир: она понимает, что ей недостаточно простого семейного благополучия рядом с любимым человеком, ее цель — помогать тем, кто попал в беду. Бросив все, она уезжает из родной страны. И все же воспоминания детства постоянно преследуют Сьюзен. Именно они однажды заставляют ее круто изменить свою судьбу и судьбу дорогих ее сердцу людей. Вот только сделает ли это их счастливыми? 
610 1 |a французская литература 
610 1 |a романы 
610 1 |a любовь 
675 |a 84  |v 3 
700 1 |a Леви  |b М.  |g Марк 
801 1 |a RU  |b 63413507  |c 20100830 
801 2 |a RU  |b 63413507  |c 20100910  |g RCR 
942 |c BK